| 000 | 00336 a2200109 4500 | ||
|---|---|---|---|
| 020 | _a8185589321 | ||
| 082 | _a333.9115 RAM | ||
| 100 | _aRamesh, R. | ||
| 245 |
_aFreshwater Management _cR. Ramesh, S.Ramachandran |
||
| 260 |
_aNew Delhi : _bCapital Publishing Company, _c2005 |
||
| 300 |
_axii, 182p. : _bill ., graphs, pics., ; _c25 cm |
||
| 650 | _aFreshwater Management | ||
| 999 |
_c319 _d319 |
||